000 01142nam a22003497a 4500
001 BR0805445
003 BR-BrBNA
005 20230928102658.0
007 ta
008 230509b bl.||||| |||| 00| 0 por d
040 _aBR-BrBNA
_bpor
_cBiblioteca Nacional de Agricultura
041 _a(Por)
072 _aL02; L01
_b5300
090 _ 5300 BR0805445
100 1 _aPereira, F.A.
110 1 _aUniversidade Federal de Minas Gerais, Belo Horizonte (Brasil). Escola de Veterinária
_0Tese (Mestre em Zootecnia)
245 1 _aEfeitos da ractopamina, dos níveis de lisina digestível e dos métodos de formulação da dieta sobre o desempenho e características de carcaça de leitoas em terminação
260 3 _aBelo Horizonte, MG (Brasil):
_c2006.
300 _a54 p.
500 _aSummaries (Eng, Por); 24 ref.; 10 illus.; 12 tables
650 _aSUÍNO
650 _aRAÇÃO
650 _aNUTRIÇÃO ANIMAL
650 _aSUPLEMENTO ALIMENTAR
650 _aCARCAÇA
650 _aLISINA
650 _aPESO
650 _aPROTEÍNA
650 _aTERMINAÇÃO
909 _a202309
_bLucia
_c55
_dLucia Elande
942 _cBK
999 _c72005
_d72005